Choose a Valid Disney answer #2 - Statistics

General Stats
  • This quiz has been taken 116 times
  • The average score is 12 of 15
Answer Stats
Question Answer % Correct
Which fictional island is Moana from? Motinuui
94%
Which Disney Princess has the longest hair? Rapunzel
94%
Complete the following quote, "Be strong as the seas are stormy and proud as an ? scream" Eagle's
88%
Which names are the names of the fairies in Sleeping Beauty Fauna, Flora, Merryweather
88%
Where is the movie The Princess and the Frog set? New Orleans, Louisiana, USA
88%
What was the first Disney movie? Snow White and the Seven Dwarves
88%
What does Shan Yu want the Emperor to do? Bow to him
81%
Which Disney Princess is the only one that has a brother? Merida
81%
Which Disney song is not from Coco? Reflection
81%
What is Flynn Rider's name? Eugene Fitzherbert
75%
How many brothers does Prince Hans from Frozen have? 12
69%
Which person is not a part of Miguel's family? Ernesto da la Cruz
69%
Which Disney movie is not located in a Spanish-speaking country? Ratatouille
69%
Who is the villain of The Great Mouse Detective? Ratigan
69%
Which one is not a toy from Toy Story Sid Phillips
63%
No matching quizzes found
Score Distribution
Percent of People with Each Score
Percentile by Number Answered
Your Score History
You have not taken this quiz